| 000 | 00512nam a22001577a 4500 | ||
|---|---|---|---|
| 008 | 131120b xxu||||| |||| 00| 0 eng d | ||
| 050 | _aSPC DT756.B25 | ||
| 100 |
_aBalfour, Alice Blanche _93568 |
||
| 245 | _aTwelve hundred miles in a waggon | ||
| 260 |
_aSalisbury _bPioneer Head _c1970 |
||
| 300 |
_axix; 265p.; _c22cm |
||
| 440 |
_aHeritage series _nn.2 _93569 |
||
| 650 |
_aSouth Africa - ; , - _93570 _xDescription & travel |
||
| 650 |
_aAfrica _zEast _xDescription & travel _93694 |
||
| 942 |
_2lcc _cMONOGRAPH |
||
| 999 |
_c118604 _d118604 |
||